[Event "Mistrzostwa Polski Juniorow do 16 lat"]
[Site "?"]
[Date "2015.03.21"]
[Round "8.3"]
[White "Szostko, Jakub"]
[Black "Janik, Igor"]
[Result "0-1"]
[WhiteElo "2162"]
[BlackElo "2277"]
[PlyCount "98"]
[EventDate "2015.??.??"]

1. e4 c5 2. Nf3 d6 3. d4 Nf6 4. Nc3 cxd4 5. Nxd4 g6 6. Be3 Bg7 7. f3 O-O 8. Qd2
Nc6 9. Bc4 Nxd4 10. Bxd4 Be6 11. Bb3 Qa5 12. O-O-O b5 13. Kb1 Rfc8 14. Rhe1
Bxb3 15. cxb3 Rab8 16. e5 dxe5 17. Rxe5 e6 18. Qe2 Rd8 19. Rxb5 Rxb5 20. Nxb5
Qb4 21. Bc3 Rxd1+ 22. Kc2 Qc5 23. Kxd1 a6 24. Na3 Qg1+ 25. Kc2 Qxh2 26. Nc4 h5
27. Ne3 Qf4 28. Bd2 Qd6 29. a4 Nd7 30. a5 Ne5 31. Bc3 Nc6 32. Nc4 Qc5 33. Qd2
Bd4 34. Kb1 e5 35. Bxd4 exd4 36. Qe2 Qf5+ 37. Qe4 Qxe4+ 38. fxe4 h4 39. Nd2 g5
40. Nf3 f6 41. Kc2 Kf7 42. Kd3 Ne5+ 43. Nxe5+ fxe5 44. b4 Ke7 45. b5 Kd7 46.
bxa6 Kc8 47. Kc4 g4 48. Kc5 d3 49. Kb6 Kb8 0-1

[Event "Mistrzostwa Polski Juniorow do 16 lat"]
[Site "?"]
[Date "2015.03.21"]
[Round "8.4"]
[White "Koziol, Kamil"]
[Black "Nowak, Kamil"]
[Result "1/2-1/2"]
[WhiteElo "2216"]
[BlackElo "2080"]
[PlyCount "91"]
[EventDate "2015.??.??"]

1. e4 c5 2. Nf3 d6 3. d4 cxd4 4. Nxd4 Nf6 5. Nc3 e6 6. g4 h6 7. h3 d5 8. exd5
Nxd5 9. Bb5+ Bd7 10. Nxd5 exd5 11. Qe2+ Be7 12. Nf5 Kf8 13. Bxd7 Qxd7 14. Qxe7+
Qxe7+ 15. Nxe7 Kxe7 16. Be3 Nc6 17. O-O-O Rad8 18. Rhe1 Kf6 19. c3 Rhe8 20. h4
Re4 21. f3 Re6 22. h5 b6 23. Bf2 Kg5 24. Be3+ Kf6 25. f4 Ke7 26. Bf2 Kd6 27.
Bg3 Rxe1 28. Rxe1 d4 29. f5+ Kd5 30. Kc2 dxc3 31. Kxc3 Rc8 32. Kd2 Rd8 33. b3
f6 34. Kc3 Rc8 35. Kd2 b5 36. Re6 Rd8 37. a3 Rd7 38. Kc3 a5 39. Re8 Re7 40.
Rxe7 Nxe7 41. a4 bxa4 42. bxa4 Nc6 43. Kd3 Nb4+ 44. Ke3 Nc2+ 45. Kd3 Nb4+ 46.
Ke3 {Ke5 Ke4+} 1/2-1/2

[Event "Mistrzostwa Polski Juniorow do 16 lat"]
[Site "?"]
[Date "2015.03.21"]
[Round "8.5"]
[White "Mockun, Dawid"]
[Black "Karpus, Michal"]
[Result "1/2-1/2"]
[WhiteElo "1892"]
[BlackElo "2092"]
[PlyCount "52"]
[EventDate "2015.??.??"]

1. d4 Nf6 2. Nf3 g6 3. c4 Bg7 4. Nc3 O-O 5. Bg5 d6 6. e3 c5 7. Be2 h6 8. Bh4
Bf5 9. O-O Qb6 10. Bxf6 exf6 11. Nd5 Qd8 12. dxc5 dxc5 13. Qb3 b6 14. Rad1 Nc6
15. Rd2 Qc8 16. Rfd1 Re8 17. Nc3 Na5 18. Qa4 Be6 19. Nb5 Nb7 20. Ne1 f5 21. Bf3
Bf8 22. Nc3 Bg7 23. Nb5 Bf8 24. Nc3 Bg7 25. Nb5 Bf8 26. Nc3 Bg7 1/2-1/2

[Event "Mistrzostwa Polski Juniorow do 16 lat"]
[Site "?"]
[Date "2015.03.21"]
[Round "8.6"]
[White "Maj, Kornel"]
[Black "Bilczewski, Kacper"]
[Result "1-0"]
[WhiteElo "2089"]
[BlackElo "1890"]
[PlyCount "115"]
[EventDate "2015.??.??"]

1. e4 e5 2. Nf3 Nc6 3. d4 exd4 4. Nxd4 Nf6 5. Nxc6 bxc6 6. e5 Qe7 7. Qe2 Nd5 8.
c4 Ba6 9. b3 g5 10. g3 Bg7 11. Bb2 O-O-O 12. Nd2 Nb4 13. Nf3 c5 14. Bh3 h5 15.
Bf5 Nc6 16. g4 hxg4 17. Bxg4 Rhe8 18. O-O-O Bxe5 19. Nxe5 Nxe5 20. Qxe5 Qxe5
21. Bxe5 Rxe5 22. Rhe1 Rxe1 23. Rxe1 f6 24. Re7 Rf8 25. Bf5 Kb7 26. Bxd7 Kb8
27. Kd2 Bc8 28. Bxc8 Kxc8 29. Ke3 Kd8 30. Re6 Kd7 31. Ra6 Ke7 32. Rxa7 Kd6 33.
Kf3 Rh8 34. Kg3 Rh4 35. Ra8 Re4 36. Rd8+ Ke7 37. Rd5 Re2 38. Rxc5 Rxa2 39.
Rxc7+ Kd6 40. Rb7 Rc2 41. Rb5 Ke6 42. h3 Rc3+ 43. Kg2 Rc2 44. c5 Kd5 45. b4 Rc4
46. Rb6 Ke5 47. c6 Kd6 48. b5 Rc3 49. Rb7 Rc5 50. c7 Rxc7 51. Rxc7 Kxc7 52. Kg3
Kb6 53. Kg4 Kxb5 54. Kf5 Kc5 55. Kxf6 Kd5 56. Kxg5 Ke6 57. f4 Kf7 58. Kf5 1-0

[Event "Mistrzostwa Polski Juniorow do 16 lat"]
[Site "Karpacz"]
[Date "2015.??.??"]
[Round "8.8"]
[White "Januszkiewicz, Wojciech"]
[Black "Wacior, Maciej"]
[Result "1-0"]
[WhiteElo "1965"]
[BlackElo "1997"]
[PlyCount "75"]
[EventDate "2015.??.??"]

1. e4 c6 2. d4 d5 3. Nc3 dxe4 4. Nxe4 Bf5 5. Ng3 Bg6 6. h4 h6 7. Nf3 Nd7 8. h5
Bh7 9. Bd3 Bxd3 10. Qxd3 e6 11. Bd2 a5 12. O-O-O Bb4 13. Ne4 Ndf6 14. c3 Be7
15. Nxf6+ Nxf6 16. Ne5 a4 17. Qg3 Rg8 18. f3 a3 19. b3 Qc7 20. Kb1 c5 21. dxc5
Qxc5 22. Qe1 Rd8 23. Qe2 Rd5 24. Nd3 Qc8 25. g4 Nd7 26. c4 Rd6 27. Bf4 Rb6 28.
Ne5 Nxe5 29. Bxe5 Bf6 30. Rd4 Bxe5 31. Qxe5 Ke7 32. Rhd1 Rc6 33. Qa5 Ra6 34.
Qb4+ Kf6 35. Rf4+ Kg5 36. Rxf7 Qe8 37. Qd2+ Kh4 38. Rh1+ 1-0

[Event "Mistrzostwa Polski Juniorow do 16 lat"]
[Site "Karpacz"]
[Date "2015.??.??"]
[Round "8.13"]
[White "Jankowiak, Tomasz"]
[Black "Wisniewski, Jacek"]
[Result "1-0"]
[WhiteElo "1663"]
[BlackElo "1775"]
[PlyCount "65"]
[EventDate "2015.??.??"]

1. e4 c5 2. Nf3 d6 3. d4 cxd4 4. Nxd4 Nf6 5. f3 a6 6. c4 e6 7. Nc3 Be7 8. Be2
b6 9. Be3 Bb7 10. O-O O-O 11. Qd2 Nbd7 12. Rfd1 Rc8 13. Rac1 Qc7 14. Bf1 Kh8
15. Qf2 Rg8 16. Nde2 g5 17. h3 h5 18. Na4 g4 19. hxg4 hxg4 20. Qh4+ Nh7 21.
Qxe7 gxf3 22. Rxd6 fxe2 23. Rxd7 exf1=Q+ 24. Rxf1 Rxg2+ 25. Kxg2 Bxe4+ 26. Kh3
Bg2+ 27. Kxg2 Rg8+ 28. Kf2 Qg3+ 29. Ke2 Qg4+ 30. Kd2 e5 31. Qxe5+ f6 32. Rxh7+
Kxh7 33. Rh1+ 1-0

[Event "Mistrzostwa Polski Juniorow do 16 lat"]
[Site "Karpacz"]
[Date "2015.??.??"]
[Round "8.16"]
[White "Adamczewski, Maciej"]
[Black "Klementowski, Dawid"]
[Result "1-0"]
[WhiteElo "1903"]
[BlackElo "1805"]
[PlyCount "121"]
[EventDate "2015.??.??"]

1. d4 Nf6 2. Nf3 c5 3. d5 b5 4. a4 Bb7 5. e4 Nxe4 6. Bxb5 a6 7. Be2 Qa5+ 8. c3
g6 9. Bf4 d6 10. Na3 Nf6 11. Nc4 Qd8 12. Ne3 a5 13. Bb5+ Nbd7 14. Qe2 Bg7 15.
Rd1 O-O 16. h4 Nb6 17. c4 Bc8 18. Ng5 h6 19. Nh3 Nh5 20. g4 Nxf4 21. Nxf4 e5
22. dxe6 Bxe6 23. h5 g5 24. Nfd5 Nxd5 25. Rxd5 Bxd5 26. Nxd5 Rb8 27. Rh3 Bd4
28. Kf1 Rb7 29. Rf3 Kg7 30. b3 Qc8 31. Rf5 Qe6 32. Qf3 Rbb8 33. Nc7 Qe7 34. Nd5
Qe6 35. Qd3 Rb7 36. Bc6 Ra7 37. Qf3 Rb8 38. Bb5 Rab7 39. Qd3 Rf8 40. Kg2 Rfb8
41. Kf3 Qe1 42. Kg2 Qe6 43. Qf3 Ra7 44. Bc6 Rf8 45. Nc3 Bxc3 46. Qxc3+ f6 47.
Bd5 Qe2 48. Bf3 Qe6 49. Qd3 Rd7 50. Bd5 Qe7 51. Rxg5+ Kh8 52. Rg6 Qh7 53. Qd2
Qxg6 54. hxg6 Kg7 55. Bf7 Ra8 56. f4 Ra6 57. Qe3 Ra8 58. g5 hxg5 59. Qh3 Rxf7
60. gxf7 Kxf7 61. Qh7+ 1-0

[Event "Mistrzostwa Polski Juniorow do 16 lat"]
[Site "Karpacz"]
[Date "2015.??.??"]
[Round "9.9"]
[White "Bilczewski, Kacper"]
[Black "Jankowiak, Tomasz"]
[Result "1-0"]
[WhiteElo "1890"]
[BlackElo "1663"]
[PlyCount "99"]
[EventDate "2015.??.??"]

1. e4 Nc6 2. Nf3 e5 3. Bc4 Be7 4. d3 Nf6 5. O-O O-O 6. c3 d6 7. Bb3 Bg4 8. Nbd2
Qd7 9. Re1 Rfe8 10. Nf1 Rad8 11. h3 Be6 12. Ba4 Qc8 13. Ng3 Nd7 14. Ng5 Bxg5
15. Bxg5 f6 16. Be3 Nb6 17. Bc2 d5 18. Qf3 d4 19. Bd2 Ne7 20. c4 c5 21. Nh5 Nd7
22. Qg3 Ng6 23. Ba4 Rf8 24. f4 exf4 25. Nxf4 Nxf4 26. Bxf4 Nb6 27. Bd1 Rfe8 28.
Bc7 Nd7 29. Bxd8 Rxd8 30. Bg4 Ne5 31. Bxe6+ Qxe6 32. Rab1 b5 33. b3 Qa6 34. a4
bxa4 35. bxa4 Qxa4 36. Rb7 Rd7 37. Rb8+ Kf7 38. Reb1 a5 39. Qh4 Qc2 40. Qh5+
Ke7 41. Qe8+ Kd6 42. R1b6+ Nc6 43. Qf8+ Re7 44. Qd8+ Rd7 45. Rxc6+ Ke5 46.
Rxc5+ Kf4 47. Rf5+ Kg3 48. Rf3+ Kh4 49. Qxd7 Qc1+ 50. Kh2 1-0

[Event "Mistrzostwa Polski Juniorow do 16 lat"]
[Site "Karpacz"]
[Date "2015.??.??"]
[Round "9.10"]
[White "Czerniawski, Krzysztof"]
[Black "Michalski, Filip"]
[Result "1-0"]
[WhiteElo "1680"]
[BlackElo "2030"]
[PlyCount "63"]
[EventDate "2015.??.??"]

1. c4 c5 2. Nc3 Nc6 3. g3 g6 4. Bg2 Bg7 5. Nf3 e6 6. O-O Nge7 7. e3 O-O 8. b3
d5 9. Bb2 Nf5 10. Na4 d4 11. e4 Nd6 12. Nxc5 Qa5 13. Nd3 e5 14. Nfe1 f5 15. f3
Bh6 16. Bc1 b5 17. c5 Nf7 18. f4 Qc7 19. Nxe5 Nfxe5 20. fxe5 Be6 21. exf5 Bxf5
22. d3 Bg7 23. Bf4 Rae8 24. Rc1 Bxe5 25. Bh6 Bg7 26. Bxg7 Kxg7 27. Nc2 Re5 28.
Bxc6 Qxc6 29. Nxd4 Qd5 30. Nxf5+ Rexf5 31. Rxf5 Rxf5 32. d4 1-0

[Event "Mistrzostwa Polski Juniorow do 16 lat"]
[Site "Karpacz"]
[Date "2015.??.??"]
[Round "9.12"]
[White "Wacior, Maciej"]
[Black "Kaminski, Piotr"]
[Result "1-0"]
[WhiteElo "1997"]
[BlackElo "1887"]
[PlyCount "87"]
[EventDate "2015.??.??"]

1. d4 Nf6 2. Nf3 e6 3. Bf4 b6 4. e3 Bb7 5. Be2 Be7 6. h3 c5 7. c3 O-O 8. O-O
cxd4 9. exd4 d6 10. a4 a6 11. Nbd2 Nbd7 12. Qe1 Re8 13. Bd3 Bf8 14. Bc2 Rc8 15.
Bb3 Qc7 16. Bh2 b5 17. axb5 axb5 18. Qe2 Bd5 19. Bxd5 Nxd5 20. Qxb5 Rb8 21. Qc4
Qb7 22. Rfb1 Ra8 23. Rxa8 Rxa8 24. Qd3 Qc6 25. Ng5 g6 26. Qf3 f5 27. Nxe6 Ra6
28. Nxf8 Nxf8 29. c4 Nb4 30. Qxc6 Rxc6 31. d5 Ra6 32. Bf4 Kf7 33. Kf1 Kf6 34.
Be3 Nd7 35. Bd4+ Ke7 36. Ke2 Ra8 37. Bc3 Rb8 38. Bxb4 Rxb4 39. Kd3 Kf6 40. Kc3
Rb8 41. b4 h6 42. Re1 Nf8 43. c5 dxc5 44. bxc5 1-0

[Event "Mistrzostwa Polski Juniorow do 16 lat"]
[Site "Karpacz"]
[Date "2015.??.??"]
[Round "9.16"]
[White "Fukowski, Pawel"]
[Black "Bakalarczyk, Jakub"]
[Result "0-1"]
[WhiteElo "1920"]
[BlackElo "1602"]
[PlyCount "76"]
[EventDate "2015.??.??"]

1. d4 d5 2. Nf3 Nf6 3. g3 e6 4. c4 Be7 5. Bg2 O-O 6. O-O dxc4 7. Qc2 a6 8. a4
c6 9. Qxc4 b5 10. Qd3 Bb7 11. Rd1 Qb6 12. a5 Qa7 13. e4 Nbd7 14. Bg5 h6 15.
Bxf6 Nxf6 16. e5 Nd5 17. Nc3 c5 18. Ne4 c4 19. Qe2 Rac8 20. Ne1 c3 21. bxc3
Nxc3 22. Nxc3 Rxc3 23. d5 exd5 24. Bxd5 Bxd5 25. Rxd5 Rc5 26. Rd3 Rxe5 27. Qxe5
Bf6 28. Qf5 Bxa1 29. Rd7 Qa8 30. Nf3 Bc3 31. Ne5 Bxe5 32. Qxe5 Re8 33. Qd5 Re1+
34. Kg2 Qxd5+ 35. Rxd5 Ra1 36. Rd8+ Kh7 37. Rd7 f6 38. g4 Rxa5 0-1

[Event "Mistrzostwa Polski Juniorow do 16 lat"]
[Site "Karpacz"]
[Date "2015.??.??"]
[Round "9.18"]
[White "Klementowski, Dawid"]
[Black "Tamon, Radoslaw"]
[Result "0-1"]
[WhiteElo "1805"]
[BlackElo "1880"]
[PlyCount "82"]
[EventDate "2015.??.??"]

1. e4 e6 2. d4 d5 3. Nc3 Nf6 4. exd5 exd5 5. Bd3 Bd6 6. Bg5 c6 7. Nf3 Be6 8.
Qd2 Nbd7 9. O-O-O Qc7 10. Kb1 O-O-O 11. h3 h6 12. Be3 Nh5 13. Nh4 Nf4 14. Ne2
Nxd3 15. Qxd3 g6 16. f4 g5 17. fxg5 hxg5 18. Nf5 f6 19. Nxd6+ Qxd6 20. g4 Rh6
21. Bf2 Rdh8 22. Qf3 Nb6 23. b3 Qa3 24. Qg3 Qe7 25. Rde1 f5 26. gxf5 Bxf5 27.
Ng1 Qg7 28. h4 Qg6 29. Nf3 Bxc2+ 30. Kb2 Be4 31. Rhg1 gxh4 32. Nxh4 Qxg3 33.
Bxg3 Nd7 34. Ref1 b6 35. Rf7 Rg8 36. Bf4 Rxg1 37. Bxh6 Rg4 38. Nf5 Bxf5 39.
Rxf5 Rxd4 40. Kc3 Rh4 41. Bg7 Kc7 0-1

[Event "Mistrzostwa Polski Juniorow do 16 lat"]
[Site "Karpacz"]
[Date "2015.??.??"]
[Round "9.19"]
[White "Klepek, Witold"]
[Black "Pasieka, Marcin"]
[Result "1/2-1/2"]
[WhiteElo "1931"]
[BlackElo "1683"]
[PlyCount "108"]
[EventDate "2015.??.??"]

1. e4 Nf6 2. e5 Nd5 3. c4 Nb6 4. d4 d6 5. exd6 cxd6 6. Nc3 g6 7. Be3 Bg7 8. Rc1
O-O 9. Be2 e5 10. Nf3 Nc6 11. dxe5 dxe5 12. O-O Bg4 13. b3 f5 14. c5 Nc8 15.
Bc4+ Kh8 16. Qxd8 Nxd8 17. h3 Bxf3 18. gxf3 Nc6 19. Rfd1 f4 20. Bd2 Nd4 21. Kg2
Ne7 22. Nb5 Nef5 23. Nxd4 Nxd4 24. Bd5 Rab8 25. b4 Rfd8 26. Be4 Kg8 27. Kf1 Kf8
28. Bc3 Ke7 29. a4 a6 30. Rb1 Rdc8 31. b5 axb5 32. axb5 Ke6 33. Bxd4 exd4 34.
Rdc1 Bf8 35. c6 b6 36. Ke2 Rc7 37. Kd3 Bg7 38. Ra1 Kd6 39. Ra6 Be5 40. Kc4 Ke6
41. Rca1 Bd6 42. Ra7 Rbc8 43. R1a6 Rxa7 44. Rxa7 Rc7 45. Ra8 Bc5 46. Bd5+ Kf6
47. Re8 Ra7 48. Rf8+ Ke5 49. Rd8 Kf6 50. Be4 d3 51. Rxd3 Bxf2 52. Rd6+ Ke5 53.
Rd7 Rxd7 54. cxd7 Bh4 1/2-1/2

[Event "Mistrzostwa Polski Juniorow do 16 lat"]
[Site "Karpacz"]
[Date "2015.??.??"]
[Round "9.20"]
[White "Rzeszowski, Dominik"]
[Black "Choina, Michal"]
[Result "0-1"]
[WhiteElo "1780"]
[BlackElo "1678"]
[PlyCount "102"]
[EventDate "2015.??.??"]

1. e4 c5 2. Nc3 e6 3. g3 Nc6 4. Bg2 g6 5. d3 d6 6. f4 Bg7 7. Nf3 Qb6 8. O-O a6
9. h3 Nge7 10. Kh2 h5 11. Qe2 Bd7 12. Nd1 f5 13. c3 O-O-O 14. Ne3 Qc7 15. Bd2
Bf6 16. Rab1 e5 17. b4 h4 18. gxh4 fxe4 19. dxe4 exf4 20. Nd5 Nxd5 21. exd5
Rde8 22. Qf2 Ne5 23. Bxf4 Nxf3+ 24. Qxf3 Bf5 25. Rbe1 Bxh4 26. Rxe8+ Rxe8 27.
Bg3 Bf6 28. Qf4 Bxc3 29. bxc5 Be5 30. cxd6 Bxf4 31. dxc7 Bxg3+ 32. Kxg3 Kxc7
33. Rc1+ Kd6 34. Rf1 Re3+ 35. Rf3 Rxf3+ 36. Bxf3 b5 37. h4 b4 38. Kf4 Bb1 39.
Be2 a5 40. Bc4 a4 41. Ke3 Bxa2 42. Bxa2 b3 43. Bxb3 axb3 44. Kd3 Kxd5 45. Kc3
Ke4 46. Kxb3 Kf4 47. Kc3 Kg4 48. Kd3 Kxh4 49. Ke2 Kg3 50. Kf1 g5 51. Kg1 g4 0-1

[Event "Mistrzostwa Polski Juniorow do 16 lat"]
[Site "Karpacz"]
[Date "2015.??.??"]
[Round "9.7"]
[White "Szmer, Aleksander"]
[Black "Walter, Szymon"]
[Result "0-1"]
[WhiteElo "1767"]
[BlackElo "2179"]
[PlyCount "82"]
[EventDate "2015.??.??"]

1. e4 c5 2. Nf3 d6 3. c3 Nf6 4. h3 g6 5. Bd3 Bg7 6. Bc2 Nc6 7. O-O e5 8. d4
cxd4 9. cxd4 exd4 10. Nxd4 O-O 11. Nb5 Ne8 12. N1c3 a6 13. Na3 b5 14. Nd5 Be6
15. Bb3 Nd4 16. Be3 Nxb3 17. Qxb3 Qh4 18. f3 Nf6 19. Bf2 Qh5 20. Rfd1 Bxd5 21.
exd5 Rac8 22. Nc2 Nd7 23. Bd4 Nc5 24. Qe3 Rfe8 25. Qf2 Qf5 26. Ne3 Qf4 27. Bxg7
Kxg7 28. Ng4 h5 29. g3 Qf5 30. Ne3 Qxh3 31. Ng2 Qf5 32. Rac1 Qe5 33. Rc3 Na4
34. Rxc8 Rxc8 35. b3 Nc3 36. Re1 Qxd5 37. Ne3 Qc5 38. Kg2 d5 39. Qd2 d4 40. Nc2
Rd8 41. Qd3 Qf5 0-1

[Event "Mistrzostwa Polski Juniorow do 16 lat"]
[Site "Karpacz"]
[Date "2015.??.??"]
[Round "9.8"]
[White "Madej, Roman"]
[Black "Wisniewski, Michal"]
[Result "1-0"]
[WhiteElo "1935"]
[BlackElo "2096"]
[PlyCount "56"]
[EventDate "2015.??.??"]

1. Nf3 Nf6 2. b3 d5 3. Bb2 c6 4. e3 Bg4 5. Be2 Nbd7 6. d4 Bxf3 7. Bxf3 Qc7 8.
O-O e5 9. dxe5 Nxe5 10. Nd2 Bd6 11. g3 O-O 12. Bg2 Rfe8 13. c4 dxc4 14. Nxc4
Nxc4 15. bxc4 Nd7 16. Rb1 a5 17. Qc2 Bc5 18. Rfd1 Rab8 19. Qf5 Red8 20. Rxd7
Qxd7 21. Qxc5 Qd3 22. Rf1 f6 23. Bd4 Qc2 24. a3 Rdc8 25. Bh3 Rd8 26. Be6+ Kh8
27. Qxa5 Qb3 28. Qh5 h6 1-0

[Event "Mistrzostwa Polski Juniorow do 16 lat"]
[Site "Karpacz"]
[Date "2015.??.??"]
[Round "9.13"]
[White "Badyra, Wasyl"]
[Black "Domanski, Lukasz"]
[Result "1-0"]
[WhiteElo "1885"]
[BlackElo "1974"]
[PlyCount "55"]
[EventDate "2015.??.??"]

1. e4 c5 2. Nf3 e6 3. d3 d5 4. Nbd2 Nc6 5. g3 Bd6 6. Bg2 Nge7 7. O-O O-O 8. Re1
Qc7 9. h4 Bd7 10. Qe2 f6 11. Nf1 b5 12. h5 a6 13. N1h2 dxe4 14. dxe4 e5 15. c3
c4 16. Nh4 f5 17. exf5 Nxf5 18. Bd5+ Kh8 19. N2f3 Nxh4 20. Nxh4 Rae8 21. Ng6+
hxg6 22. hxg6 Rf5 23. Qg4 Be6 24. Bxe6 Rxe6 25. Qxf5 Re8 26. Qh5+ Kg8 27. Qh7+
Kf8 28. Bg5 1-0

[Event "Mistrzostwa Polski Juniorow do 16 lat"]
[Site "Karpacz"]
[Date "2015.??.??"]
[Round "9.15"]
[White "Holownia, Michal"]
[Black "Adamczewski, Maciej"]
[Result "1-0"]
[WhiteElo "1795"]
[BlackElo "1903"]
[PlyCount "73"]
[EventDate "2015.??.??"]

1. e4 c5 2. Nf3 Nc6 3. d4 cxd4 4. Nxd4 Qb6 5. Nb3 Nf6 6. Nc3 e6 7. Bd3 Be7 8.
O-O O-O 9. Kh1 d6 10. f4 Bd7 11. a3 Rfd8 12. Qf3 Rac8 13. Bd2 Be8 14. Rae1 Qc7
15. Qh3 e5 16. f5 Kf8 17. Bg5 Ng8 18. f6 Bxf6 19. Rxf6 h6 20. Rxh6 Bd7 21. Qh4
gxh6 22. Bxh6+ Ke8 23. Nd5 Qb8 24. Qg5 Nxh6 25. Na5 Rc7 26. Nxc6 Bxc6 27. Nxc7+
Qxc7 28. Qxh6 Bd7 29. Rf1 Be6 30. Bb5+ Rd7 31. Qh8+ Ke7 32. Qf6+ Ke8 33. Bxd7+
Kxd7 34. Qxf7+ Bxf7 35. Rxf7+ Kc6 36. Rxc7+ Kxc7 37. h4 1-0

[Event "Mistrzostwa Polski Juniorow do 16 lat"]
[Site "Karpacz"]
[Date "2015.??.??"]
[Round "9.17"]
[White "Wisniewski, Jacek"]
[Black "Oleszek, Maciej"]
[Result "0-1"]
[WhiteElo "1775"]
[BlackElo "1788"]
[PlyCount "74"]
[EventDate "2015.??.??"]

1. e4 c5 2. Nf3 d6 3. d4 cxd4 4. Qxd4 Nd7 5. Bb5 Ngf6 6. Nc3 e5 7. Qd3 h6 8.
O-O Be7 9. b3 O-O 10. Ba3 Qa5 11. Bxd7 Bxd7 12. Bb2 Rac8 13. Rfd1 Rc6 14. Ne2
b5 15. a4 b4 16. c4 bxc3 17. Nxc3 Be6 18. Nd2 Qb4 19. Nb5 a6 20. Ba3 Qa5 21.
Bxd6 Bxd6 22. Nxd6 Rd8 23. N2c4 Qc7 24. Qe3 Rcxd6 25. Nxd6 Rxd6 26. Rxd6 Qxd6
27. f3 Qb4 28. Rb1 Nd7 29. Qd3 Nc5 30. Qd6 Qd4+ 31. Qxd4 exd4 32. b4 Nxa4 33.
Rd1 Nc3 34. Rd2 Bc4 35. Kf2 d3 36. Ke3 Bb5 37. Rb2 Nd1+ 0-1

[Event "Mistrzostwa Polski Juniorow do 16 lat"]
[Site "?"]
[Date "2015.03.22"]
[Round "9.1"]
[White "Grela, Kacper"]
[Black "Maj, Kornel"]
[Result "1-0"]
[WhiteElo "2172"]
[BlackElo "2089"]
[PlyCount "81"]
[EventDate "2015.??.??"]

1. e4 c5 2. Nf3 d6 3. d4 cxd4 4. Nxd4 Nf6 5. Nc3 Nc6 6. Bg5 e6 7. Qd2 a6 8.
O-O-O h6 9. Nxc6 bxc6 10. Bf4 d5 11. Qe3 Bb4 12. Be2 O-O 13. e5 Nd7 14. Qg3 Kh8
15. Qh3 Be7 16. Bxh6 gxh6 17. Qxh6+ Kg8 18. h4 Nxe5 19. Ne4 f5 20. Rh3 Bf6 21.
Rg3+ Kf7 22. Bh5+ Ke7 23. Nxf6 Rxf6 24. Rg7+ Nf7 25. Qg5 Qf8 26. Rxf7+ Qxf7 27.
Bxf7 Kxf7 28. h5 Bd7 29. h6 Rg6 30. Qh5 Rh8 31. Rh1 Be8 32. g3 Ke7 33. Qe2
Rgxh6 34. Rxh6 Rxh6 35. Qxa6 Rh1+ 36. Kd2 Kd6 37. a4 Bh5 38. Kc3 Rc1 39. Qb6
Bd1 40. Kd2 Ra1 41. a5 1-0

[Event "Mistrzostwa Polski Juniorow do 16 lat"]
[Site "?"]
[Date "2015.03.22"]
[Round "9.2"]
[White "Janik, Igor"]
[Black "Zylka, Stanislaw"]
[Result "1-0"]
[WhiteElo "2277"]
[BlackElo "2065"]
[PlyCount "111"]
[EventDate "2015.??.??"]

1. e4 c5 2. Nf3 e6 3. d4 cxd4 4. Nxd4 Nc6 5. Nb5 d6 6. c4 Nf6 7. N1c3 a6 8. Na3
Be7 9. Be2 b6 10. O-O Bb7 11. f4 O-O 12. Be3 Qc7 13. Bf3 Rac8 14. Rc1 Nb8 15.
g4 Nbd7 16. g5 Ne8 17. Qd2 Qb8 18. Qg2 Qa8 19. h4 f5 20. Qh3 Nc5 21. Bxc5 bxc5
22. Rce1 Nc7 23. Nc2 fxe4 24. Bxe4 Bxe4 25. Rxe4 Rce8 26. Qd3 d5 27. Re2 Qc6
28. Qf3 Bd6 29. cxd5 Nxd5 30. Qe4 Qa8 31. Ref2 Nxc3 32. Qxa8 Rxa8 33. bxc3 e5
34. f5 e4 35. Re2 Rae8 36. Ne3 Be5 37. Nd5 c4 38. Kg2 Bd6 39. Nb6 e3 40. Nxc4
Bc5 41. Rf4 Rf7 42. Kf3 Rc7 43. Re4 Rxe4 44. Kxe4 Ba7 45. Kd3 Rf7 46. Nxe3 Bxe3
47. Kxe3 Rxf5 48. Rf2 Rb5 49. Kd4 a5 50. c4 Rb1 51. c5 a4 52. c6 a3 53. Rf3 Rb2
54. Rxa3 Kf7 55. c7 Rc2 56. Rc3 1-0

[Event "Mistrzostwa Polski Juniorow do 16 lat"]
[Site "?"]
[Date "2015.03.22"]
[Round "9.3"]
[White "Winiarski, Mikolaj"]
[Black "Koziol, Kamil"]
[Result "1-0"]
[WhiteElo "2113"]
[BlackElo "2216"]
[PlyCount "109"]
[EventDate "2015.??.??"]

1. d4 Nf6 2. c4 g6 3. Bg5 Bg7 4. Nc3 h6 5. Bxf6 Bxf6 6. e4 c5 7. d5 d6 8. Bd3
O-O 9. Nge2 Bg7 10. Qd2 a6 11. f4 e6 12. O-O e5 13. f5 g5 14. Ng3 f6 15. Be2
Bd7 16. Nd1 Be8 17. Ne3 b5 18. Bh5 Bxh5 19. Nxh5 b4 20. h4 Qe7 21. Kf2 Kf7 22.
Rh1 Nd7 23. Rh3 Rh8 24. Rah1 Rh7 25. Qd1 Rah8 26. Ng3 Qd8 27. hxg5 fxg5 28. Nh5
Qe8 29. Ng4 Nf6 30. Nhxf6 Bxf6 31. Nxh6+ Kg7 32. Ng4 Rxh3 33. Rxh3 Rxh3 34.
gxh3 a5 35. Kg3 Be7 36. Qf3 Bf6 37. Qf2 Qh8 38. Kg2 Qh5 39. Qc2 Qe8 40. Qd2 Qd8
41. h4 Be7 42. Qe3 a4 43. h5 Qf8 44. Qf3 Bf6 45. h6+ Kh7 46. Kg3 Qf7 47. Nxf6+
Qxf6 48. Qh5 a3 49. bxa3 bxa3 50. Kh3 g4+ 51. Kxg4 Kh8 52. Qg5 Qf8 53. Qg7+
Qxg7+ 54. hxg7+ Kxg7 55. Kf3 1-0

[Event "Mistrzostwa Polski Juniorow do 16 lat"]
[Site "?"]
[Date "2015.03.22"]
[Round "9.4"]
[White "Karpus, Michal"]
[Black "Szostko, Jakub"]
[Result "1/2-1/2"]
[WhiteElo "2092"]
[BlackElo "2162"]
[PlyCount "110"]
[EventDate "2015.??.??"]

1. e4 c5 2. Nf3 e6 3. d4 cxd4 4. Nxd4 Nf6 5. Nc3 d6 6. Be2 Be7 7. O-O O-O 8. f4
Nc6 9. Be3 e5 10. Nb3 exf4 11. Bxf4 Be6 12. Kh1 d5 13. exd5 Nxd5 14. Nxd5 Bxd5
15. Bf3 Bxf3 16. Qxf3 Bf6 17. c3 Qb6 18. Qg3 Kh8 19. Rad1 Rad8 20. Rxd8 Rxd8
21. Bc7 Qb5 22. Re1 Rg8 23. Qf2 h6 24. Nc5 Bd8 25. Bxd8 Rxd8 26. h3 b6 27. Ne4
Qd5 28. b3 Ne5 29. Qf5 Nd3 30. Rf1 Qxf5 31. Rxf5 f6 32. Rf1 Re8 33. Ng3 Re3 34.
Kh2 Ne5 35. Rc1 Rd3 36. Nf1 a5 37. c4 Nd7 38. Kg1 Nc5 39. Kf2 Rxh3 40. Ke2 Rh5
41. Rd1 Re5+ 42. Ne3 Ne4 43. Rd8+ Kh7 44. a3 f5 45. Kf3 Ng5+ 46. Kf2 Re6 47.
Nd5 Ne4+ 48. Kg1 g5 49. Rb8 Nd2 50. Nxb6 Nxb3 51. Nd7 Re1+ 52. Kf2 Rd1 53. Nf8+
Kg7 54. Rxb3 Kxf8 55. Rb5 Rd2+ 1/2-1/2

[Event "Mistrzostwa Polski Juniorow do 16 lat"]
[Site "?"]
[Date "2015.03.22"]
[Round "9.5"]
[White "Nowak, Kamil"]
[Black "Mockun, Dawid"]
[Result "1/2-1/2"]
[WhiteElo "2080"]
[BlackElo "1892"]
[PlyCount "121"]
[EventDate "2015.??.??"]

1. e4 e6 2. d4 d5 3. Nd2 Nf6 4. e5 Nfd7 5. Bd3 c5 6. c3 Nc6 7. Ne2 b6 8. O-O
Bb7 9. f4 g6 10. Nf3 Qc7 11. b3 Be7 12. Bb2 O-O-O 13. a3 Kb8 14. Rc1 Na5 15. b4
Nc4 16. Bxc4 dxc4 17. Ng3 f5 18. exf6 Bxf6 19. Qe2 cxd4 20. cxd4 Bd5 21. Ne4
Bg7 22. Ne5 Rc8 23. Rf2 Rhf8 24. Nc3 a6 25. a4 Nf6 26. Qe3 Qb7 27. b5 a5 28.
Ba3 Rfd8 29. Qe2 Ka8 30. Re1 Bf8 31. Bxf8 Rxf8 32. Qe3 Rce8 33. Rfe2 Nh5 34. g3
Nf6 35. h3 Rc8 36. Kh2 Qc7 37. Qd2 Qb7 38. Qb2 Rfe8 39. Qa3 Qc7 40. Rc2 Qb7 41.
Rec1 Re7 42. Nd1 Rec7 43. Ne3 Ne4 44. N5xc4 g5 45. fxg5 Nxg5 46. Ne5 Rxc2+ 47.
Rxc2 Rxc2+ 48. Nxc2 Nf3+ 49. Nxf3 Bxf3 50. Ne3 Qf7 51. Qd6 Bb7 52. Qf4 Qg6 53.
g4 Qb1 54. d5 exd5 55. Qd4 Ka7 56. Kg3 h6 57. Nf5 Qe1+ 58. Qf2 Qe5+ 59. Qf4
Qe1+ 60. Kh2 Qe2+ 61. Kg3 1/2-1/2

[Event "Mistrzostwa Polski Juniorow do 16 lat"]
[Site "?"]
[Date "2015.03.22"]
[Round "9.6"]
[White "Szustakowski, Antoni"]
[Black "Januszkiewicz, Wojciech"]
[Result "1-0"]
[WhiteElo "1862"]
[BlackElo "1965"]
[PlyCount "45"]
[EventDate "2015.??.??"]

1. Nf3 Nf6 2. c4 g6 3. Nc3 Bg7 4. e4 d6 5. d4 O-O 6. Be2 e5 7. O-O Nc6 8. d5
Ne7 9. b4 Nh5 10. Re1 Nf4 11. Bf1 a5 12. bxa5 Bg4 13. Rb1 Qc8 14. Rb3 Rxa5 15.
h3 Bd7 16. Bxf4 exf4 17. e5 Nf5 18. Qd2 dxe5 19. Nxe5 Bxe5 20. Rxe5 f6 21. Re1
g5 22. Ne4 Rf7 23. Qxa5 1-0